00906 a2200145 4500020001500000082002100015100002000036245018800056260005600244300002300300505037000323650003300693655001400726700002000740 a9803170910 a303.640.1bM674r aMires, Fernando aLa Revolucin̤ que Nadie So,̨̤ La otra posmodernidad:bla revolucion microelectronica, la revolucion feminista, la revolucion ecologica, la revolucion paradigmaticacFernando Mires  aCaracas, VenezuelabEditorial Nueva Sociedad c1996 a178 p.:billc23cm tLa Revolucin̤ que nadie so l̨̤a otra posmodernidad: La revolucion microelectronica; la revolucion feminista; la revolucion politica; la revolucion paradigmatica. Las revoluciones son procesos multidimensionales e historicos, "textualizados" por personas (historiadores) que tiene la tarea, entre otras, de establecer los limites que separan un periodo de otro.  aposmodernidadvrevoluciones  aFilosofia aFernando Mires